Historia de la mentira: prolegómenos.

Bibliographic Details
Main Author: Derrida, Jacques
Format: Libro
Language:Spanish
Published: Buenos Aires Eudeba 1997
Subjects:
Online Access:

MARC

LEADER 00000cam a2200000 a 4500
001 000984
003 UAHC_CL
005 20170803115707.0
008 010822b1997 ag 000 spa
020 |a 9502904389 
040 |a UAHC_CL  |c UAHC_CL  |d UAHC_CL 
100 1 |a Derrida, Jacques 
245 1 0 |a Historia de la mentira: prolegómenos. 
260 |b Eudeba  |c 1997  |a Buenos Aires 
300 |a 61 p. 
650 4 |a FILOSOFIA 
900 |a 128 DER 
942 |c BK 
952 |0 0  |1 0  |4 0  |6 128_000000000000000_DER  |7 0  |8 General  |9 2092  |a BC  |b BC  |c General  |d 2017-08-03  |l 0  |o 128 DER  |p 1314731  |r 2026-01-07 00:00:00  |t 1  |w 2017-08-03  |y BK 
999 |c 984  |d 984